000 00324nam a22001457a 4500
008 210304b ||||| |||| 00| 0 eng d
020 _a9780679407812
041 _aeng
080 _a7
082 _a7
100 _a44
101 _aART
245 _aRenaissance Lives Portraits of an Age
_cRabb, TH. K
942 _2udc
_cBK
999 _c55719
_d55719